A private and public faith. (Record no. 5628)

MARC details
000 -LEADER
fixed length control field 00751cam a22002651 4500
001 - CONTROL NUMBER
control field 13803433
003 - CONTROL NUMBER IDENTIFIER
control field GBCCL
005 - DATE AND TIME OF LATEST TRANSACTION
control field 20241126110546.0
008 - FIXED-LENGTH DATA ELEMENTS--GENERAL INFORMATION
fixed length control field 041201s1962 xxu 000 0 eng
010 ## -
-- 62021368
040 ## - CATALOGING SOURCE
Original cataloging agency DLC
Transcribing agency DLC
Modifying agency DLC
050 00 -
-- BX4817
-- .S8
082 ## - DEWEY DECIMAL CLASSIFICATION NUMBER
Classification number 200
Item number STR
100 1# - MAIN ENTRY--PERSONAL NAME
Personal name Stringfellow, William.
9 (RLIN) 10180
245 12 - TITLE STATEMENT
Title A private and public faith.
260 ## - PUBLICATION, DISTRIBUTION, ETC.
Place of publication, distribution, etc. Grand Rapids,
Name of publisher, distributor, etc. Eerdmans
Date of publication, distribution, etc. [c1962]
300 ## - PHYSICAL DESCRIPTION
Extent 93 p. ;
Dimensions 22 cm.
650 ## - SUBJECT ADDED ENTRY--TOPICAL TERM
Topical term or geographic name entry element Protestantism -- 20th century.
9 (RLIN) 10181
650 ## - SUBJECT ADDED ENTRY--TOPICAL TERM
Topical term or geographic name entry element Protestantism.
9 (RLIN) 659
650 ## - SUBJECT ADDED ENTRY--TOPICAL TERM
Topical term or geographic name entry element United States -- Religion.
9 (RLIN) 10182
906 ## - LOCAL DATA ELEMENT F, LDF (RLIN)
a 0
b ibc
c premunv
d 3
e ncip
f 19
g y-gencatlg
942 ## - ADDED ENTRY ELEMENTS (KOHA)
Source of classification or shelving scheme Dewey Decimal Classification
Koha item type Books
Koha issues (borrowed), all copies 1
Holdings
Withdrawn status Lost status Source of classification or shelving scheme Damaged status Not for loan Home library Current Library Shelving location Date acquired Total checkouts Full call number Barcode Date last seen Copy number Price effective from Koha item type Date last checked out
    Dewey Decimal Classification     GRACE BIBLE COLLEGE GRACE BIBLE COLLEGE Philosophy and Religion 2018-04-02   200 STR 008800 2025-05-01 c.1 2018-04-02 Books  
    Dewey Decimal Classification     GRACE BIBLE COLLEGE GRACE BIBLE COLLEGE Philosophy and Religion 2019-07-10 1 200 STR 013657 2025-05-01 c.2 2019-07-10 Books 2019-10-14
© Grace Bible College Library 2025